Połączone flagi graniczących państw - Statystyki

Ogólne statystyki
  • Ten quiz został rozwiązany 72 razy
  • Średni wynik to 15 z 16
Statystyki odpowiedzi
Obrazkowy Odpowiedź % Poprawnych
Białoruś / Litwa
100%
Grecja / Macedonia Północna
100%
Liechtenstein / Szwajcaria
100%
Argentyna / Urugwaj
98%
Chiny / Wietnam
98%
Kanada / Stany Zjednoczone
98%
Polska / Ukraina
98%
Egipt / Izrael
97%
Gwatemala / Meksyk
95%
Niger / Nigeria
95%
Afganistan / Pakistan
92%
Czechy / Austria
92%
Ekwador / Peru
90%
Dżibuti / Somalia
79%
Gabon / Kongo
71%
Etiopia / Sudan Południowy
70%
Nie znaleziono quizów pasujących do podanych kryteriów
Rozkład punktacji
Procent ludzi z każdym wynikiem
Percentyl według liczby udzielonych odpowiedzi
Twoja historia wyników
Nie rozwiązałeś tego quizu